000
00220 a2200097 4500
001
42545
100
_a
Allana G
245
_a
Our freedom fighters
260
_a
Karachi
_b
Paradise subscription
_c
090
_c
26456
_d
26456
942
_a
NUST-CAE
_c
M
_c
18287
999
_c
277618
_d
277618